World Capitals Containing H (with a map) - Statistics

General Stats
  • This quiz has been taken 989 times
  • The average score is 187 of 196
Answers on the Map
Answers color-coded by a green-red scale on the quiz's map according to % correct below.
 
Answer Stats
capital % Correct
x
100%
Helsinki
91%
Washington
88%
Bucharest
83%
Stockholm
83%
Havana
82%
Copenhagen
81%
New Delhi
78%
Athens
77%
Hanoi
77%
Harare
77%
Windhoek
75%
Baghdad
73%
Khartoum
73%
Riyadh
73%
Tashkent
73%
Tehran
73%
Bishkek
72%
Chișinău
71%
Ashgabat
70%
Honiara
70%
Kathmandu
70%
Abu Dhabi
69%
Dhaka
69%
Thimphu
67%
Dushanbe
66%
Kinshasa
66%
Mogadishu
66%
Phnom Penh
66%
Doha
65%
Nouakchott
52%
Saint John's
49%
South Tarawa
37%
No matching quizzes found
Score Distribution
Percent of People with Each Score
Percentile by Number Answered
Your Score History
You have not taken this quiz